000 00844nam a22002057a 4500
003 OSt
005 20250918142845.0
008 250918b |||||||| |||| 00| 0 eng d
040 _c0
082 _aDper 658.421 En86 January-May 2017 v. 41 n. 1-3
100 _aCourtney, Christopher.
_eauthor.
_967815
245 _aResolving information asymmetry :
_bsignaling, endorsement, and crowdfunding success /
_cChristopher Courtney, Supradeep Dutta, and Yong Li.
260 _aHoboken ;
_bWiley Blackwell ,
_cMarch 2017.
300 _aVolume 41, pages 265-290 :
_billustration ;
_c25 cm.
500 _aEntrepreneurship : Theory and Practice, vol. 41, no. 2, pages 265-290, March 2017.
700 _aCourtney, Christopher.
_eauthor.
_967815
710 _aDutta, Supradeep.
_eauthor.
_967818
711 _aLi, Yong.
_jauthor.
_967819
942 _2ddc
_cPER
999 _c23841
_d23841